000 01623nac a22003491i 4500
003 EG-ScBUE
005 20260510130605.0
008 101122s2005 ua|a frd 00| 0 ara dd
017 _a2005 / 7026
020 _a9773058069
040 _aEG-ScBUE
_bara
_erda
_cEG-ScBUE
_dEG-ScBUE
041 1 _aara
_heng
082 0 4 _a530.11
_bأ ي ن
_222
100 1 _aأينشتين، ألبرت،
_915403
_d1879-1955،
_eمؤلف.
240 1 _aRelativity : the special and general theory.
_lArabic
245 1 2 _aالنسبية :
_bالنظرية الخاصة والعامة /
_cتأليف ألبرت أينشتاين ؛ ترجمة دكتور رمسيس شحاتة ؛ راجعه دكتور محمد مرسي أحمد ؛ تقديم عطية عاشور.
264 1 _aالقاهرة :
_bالمجلس الأعلى للثقافة،
_c2005.
300 _a163 صفحة :
_bإيضاحيات ؛
_c24 سم.
336 _2rdacontent
_aنص
_btxt
337 _aبدون وسيط
_2rdamedia
_bn
338 _aمجلد
_bnc
_2rdacarrier
490 0 _aالمشروع القومي للترجمة.
_aسلسلة ميراث الترجمة ؛
_v828
500 _aيشتمل على قائمة بالمصطلحات.
500 _aيشتمل على ملاحق.
546 _aالنص باللغة الإنجليزية ؛ وقد تم ترجمته إلى العربية.
650 7 _aالنسبية.
_98376
_2BUEsh
655 _vReading book
700 1 _aشحاتة، رمسيس،
_921220
_eمترجم.
700 1 _aأحمد، محمد مرسي،
_921235
_eمراجع.
700 1 _aعاشور، عطية،
_eمقدم.
942 _cBB
_k530.11 أ ي ن
_2ddc
999 _c6523
_d6523